| 000 | 00354nam a2200109Ia 4500 | ||
|---|---|---|---|
| 008 | 171211s9999 xx 000 0 und d | ||
| 245 | _aAdobe Photoshop CS4 for Photographers: A Professional Image Editor's Guide | ||
| 245 | _cMartin Evening | ||
| 260 | _c2008 | ||
| 650 | _xFamily and Friendship | ||
| 856 | _uhttp://down.ebook777.com/035/9780240521251.pdf | ||
| 999 |
_c350249 _d350249 |
||